00608nam a2200205 a 450000100060000000300090000600800410001501500210005602000320007704000280010908200160013710000280015324500530018125000060023426000600024030000260030049000250032649000250035165000260037624514CO-ViMGA141112s2004 ck r 000 u spa d ack - 2010 - xxxx a9789583384738 (colección) aCO-ViMGAbspacCO-ViMGA04a305.23 R15p1 aRamirez Gomez, Humberto10aLos primeros años : bcrecimiento y desarrollo a4 aMedellín : bFundación Secretos para Contar, c2010 a176 p. : il. ; 25 cm. aSecretos para contar aSecretos para contar14aNiños - Crecimiento